000 00227nam a2200097Ia 4500
008 220120s9999||||xx |||||||||||||| ||und||
082 _a005.1 GUP
100 _aGupta, Vikas
245 0 _aComdex computer programming
300 _b0
999 _c136383
_d136383